000 00662nam a22001937a 4500
999 _c180733
_d180733
005 20210817103818.0
010 _aB-741111
020 _a818873120X
_c350.00
035 _aB-741111
037 _bGift
082 _aS
100 _aBhatia, Roshi
245 _aChhatrapati Shivaji /
_cby Roshi Bhatia
260 _aDelhi
_bSmriti Sahitya
_c2020
270 _a511/1E, Gali No.2, Near Tash Factory, Vishwas Nagar, Shahdara
_bDelhi
_e110032
300 _a119p.:
_c22cm(Hb)
_bill.
942 _2ddc
_cCH
_hS
_mBHA